American impressions /

Bibliographic Details
Main Author: Wolski, Kalikst, 1816-1884
Format: Book
Language:English
Published: Cheshire, Conn. : Cherry Hill Books, 1968.
Subjects:

MARC

Tag First Indicator Second Indicator Subfields
LEADER 00000cam a22000001a 4500
001 in00000522521
005 20190207094422.0
008 700802s1968 ctuab b 00010 engm
010 |a  68007450  
035 |a (OCoLC)00434806 
035 |9 ACF5470AM 
040 |a DLC  |c DLC  |d TXA  |d UtOrBLW 
041 1 |a eng  |h pol 
043 |a n-us--- 
049 |a TXAS  |c [1702954] 
050 0 0 |a E168  |b .W8613 1968 
082 0 |a 917.3/04/64 
100 1 |a Wolski, Kalikst,  |d 1816-1884. 
240 1 0 |a Do Ameryki i w Ameryce.  |l English 
245 1 0 |a American impressions /  |c by Kalikst Wolski; translated by Marion Moore Coleman. 
264 1 |a Cheshire, Conn. :  |b Cherry Hill Books,  |c 1968. 
300 |a vi, 218 pages :  |b illustrations, maps ;  |c 23 cm. 
336 |a text  |b txt  |2 rdacontent 
337 |a unmediated  |b n  |2 rdamedia 
338 |a volume  |b nc  |2 rdacarrier 
500 |a The Cushing Library/Chapman Texas Collection copy is part of the Floyd & Louise Chapman Texas & Borderlands Collection.  |5 TXA 
500 |a Translation of Do Ameryki i w Ameryce. 
504 |a Includes bibliographical references. 
651 0 |a United States  |v Aerial views. 
651 0 |a United States  |v Pictorial works. 
999 |a MARS 
999 f f |s 0002abaf-bbe3-36c5-88d9-c5ab3389f334  |i c91c4b8e-372a-3b0c-a5af-9e5913253fc7  |t 0 
952 f f |p noncirc  |a Texas A&M University  |b College Station  |c Cushing Memorial Library & Archives  |d Cushing: Chapman Texas Collection (Does not check out)  |t 0  |e E168 .W8613 1968  |h Library of Congress classification  |i unmediated -- volume  |m A14808178472 
998 f f |a E168 .W8613 1968  |t 0  |l Cushing: Chapman Texas Collection (Does not check out)